Statistiques concernant Petit Bac #31 - Héros DC Comics

Cliquez ici pour prendre le quiz!

Statistiques générales

  • Ce quiz a été pris 251 fois
    (10 depuis la dernière actualisation)
  • Le résultat moyen est 5 sur 9

Statistiques - réponses

1ère Lettre Héros % Correct
SSuperman / Supergirl / Spirit / Shazam
100%
BBatman
100%
WWonder Woman
71%
AAquaman
71%
GGreen Lantern
57%
VV
43%
CCatwoman / Cyborg (2020) / Constantine / Créature du Marais
43%
JJonah Hex / Judge Dredd / Joker
43%
HHarley Quinn (2020)
0%

Distribution des résultats

Percentile by Number Answered

% des personnes avec chaque résultat

Votre développement - résultats

Vous n’avez pas pris ce quiz depuis la dernière actualisation